Muslim studies / (Record no. 40863)
[ view plain ]
| 000 -LEADER | |
|---|---|
| fixed length control field | 00919nam a2200277 a 4500 |
| 001 - CONTROL NUMBER | |
| control field | 40863 |
| 003 - CONTROL NUMBER IDENTIFIER | |
| rucl marc code | BD-RjUL |
| 005 - DATE AND TIME OF LATEST TRANSACTION | |
| control field | 20211209053304.0 |
| 008 - FIXED-LENGTH DATA ELEMENTS--GENERAL INFORMATION | |
| fixed length control field | 160511s1967 ilu b 001 0 eng d |
| 035 ## - SYSTEM CONTROL NUMBER | |
| System control number | (BD-RjUL) 40978 |
| 040 ## - CATALOGING SOURCE | |
| Original cataloging agency | COF |
| Transcribing agency | COF |
| Language of cataloging | eng |
| Modifying agency | BD-RjUL |
| 041 1# - LANGUAGE CODE | |
| Language code of text/sound track or separate title | eng |
| 082 ## - DEWEY DECIMAL CLASSIFICATION NUMBER | |
| Edition number | 23 |
| Classification number | 297 |
| Author mark and year | GOM 1967 |
| 100 1# - MAIN ENTRY--PERSONAL NAME | |
| Personal name | Goldziher, Ignaz |
| Dates associated with a name | 1850-1921. |
| 9 (RLIN) | 125757 |
| 245 10 - TITLE STATEMENT | |
| Title | Muslim studies / |
| Statement of responsibility, etc. | Ignaz Goldziher ; edited by S. M. Stern ; translated from the German by C. R. Barber and S. M. Stern. |
| 260 ## - PUBLICATION, DISTRIBUTION, ETC. (IMPRINT) | |
| Place of publication, distribution, etc. | Chicago : |
| Name of publisher, distributor, etc. | Aldine, |
| Date of publication, distribution, etc. | 1967 |
| 300 ## - PHYSICAL DESCRIPTION | |
| Pagination | v. ; |
| Size | 23 cm. |
| 500 ## - GENERAL NOTE | |
| General note | Translation of: Muhammedanische Studien. |
| 504 ## - BIBLIOGRAPHY, ETC. NOTE | |
| Bibliography, etc | Includes bibliographical references and index. |
| 505 0# - FORMATTED CONTENTS NOTE | |
| Formatted contents note | v. 1--- |
| 650 #0 - SUBJECT ADDED ENTRY--TOPICAL TERM | |
| Topical term or geographic name as entry element | Islam. |
| 9 (RLIN) | 125758 |
| 700 1# - ADDED ENTRY--PERSONAL NAME | |
| Personal name | Stern, S. M. |
| Fuller form of name | (Samuel Miklos), |
| Dates associated with a name | 1920-1969. |
| Personal name | Barber, C. R. |
| Fuller form of name | (Christa Renate) |
| Personal name | Stern, S. M. |
| 942 ## - ADDED ENTRY ELEMENTS (KOHA) | |
| Source of classification or shelving scheme | Dewey Decimal Classification |
| Koha item type | Books |
| Lost status | Source of classification or shelving scheme | Damaged status | Not for loan | Collection code | Permanent Location | Current Location | Shelving location | Date acquired | Source of acquisition | Cost, normal purchase price | Total Checkouts | Full call number | Date last seen | Copy number | Koha item type |
|---|---|---|---|---|---|---|---|---|---|---|---|---|---|---|---|
| Dewey Decimal Classification | Not For Loan | Non-fiction | Central Library, University of Rajshahi | Central Library, University of Rajshahi | Reading Room | 14/08/1972 | Paramount Book Co. | 70.00 | 297 GOM V-1 1967 | 11/05/2016 | C-2 | Books | |||
| Dewey Decimal Classification | Non-fiction | Central Library, University of Rajshahi | Central Library, University of Rajshahi | 09/09/1969 | Zeetlinger | 45.00 | 297 GOM V-1 1967 | 02/08/2016 | C-3 | Books |